Vývoj vybraných odvětví ekonomiky v roce 1994

Vývoj priemyslu, stavebníctva, vnútorného a zahraničného obchodu v r.1994 a v minulých rokoch v Českej republike. Priemysel: vývoj priemyselnej výroby v rokoch 1991-1994, rozdelenie výrobkov strojárskej a elektrotechnickej výroby podľa nomenklatúry SITC. Stavebníctvo: vývoj stavebnej výroby, štruktú...

Descrizione completa

Salvato in:
Dettagli Bibliografici
Autore principale: Gejdoš, V.
Natura: Capitolo di libro
Lingua:ceco
Soggetti:
Tags: Aggiungi Tag
Nessun Tag, puoi essere il primo ad aggiungerne!!

MARC

LEADER 00000naa a2200000 4500
001 r019047
005 20221205102816.7
041 0 |a cze 
044 |a CZ 
245 1 0 |a Vývoj vybraných odvětví ekonomiky v roce 1994  |c V. Gejdoš 
520 |a Vývoj priemyslu, stavebníctva, vnútorného a zahraničného obchodu v r.1994 a v minulých rokoch v Českej republike. Priemysel: vývoj priemyselnej výroby v rokoch 1991-1994, rozdelenie výrobkov strojárskej a elektrotechnickej výroby podľa nomenklatúry SITC. Stavebníctvo: vývoj stavebnej výroby, štruktúra podnikov, vývoj zamestnanosti, miezd a produktivity práce. Zahraničný obchod: štruktúra tovaru v r. 1991-1994 podľa klasifikácie SITC na dovoze a vývoze. Vnútorný obchod: vývoj a štruktúra maloobchodného predaja. 
610 2 0 |a štatistika 
610 2 0 |a hospodárstvo národné 
610 2 0 |a Česko 
610 2 0 |a priemysel 
610 2 0 |a elektrotechnika 
610 2 0 |a priemysel strojársky 
610 2 0 |a stavebníctvo 
610 2 0 |a dovoz 
610 2 0 |a vývoz 
610 2 0 |a obchod zahraničný 
610 2 0 |a obchod vnútorný 
610 2 0 |a 1991-1994 
610 2 0 |a tovar 
610 2 0 |a vývoj štruktúry hospodárskej 
610 2 0 |a rast hospodársky 
610 2 0 |a situácia hospodárska 
610 2 0 |a SITC 
610 2 0 |a klasifikácia 
100 1 |a Gejdoš, V.